| 000 | 01238nam a22002177a 4500 | ||
|---|---|---|---|
| 005 | 20241112101542.0 | ||
| 008 | 230714b ||||| |||| 00| 0 eng d | ||
| 040 |
_cSSBUL _dSSBUL |
||
| 041 | _aMyanmar | ||
| 082 |
_223 _a၉၅၉.၁၉၅၉၁၉၂ အောင် _b၁၆၀၀၃ (S-SAT) |
||
| 100 | 0 |
_aအောင်လှ၊ စော _954558 |
|
| 245 | 1 |
_aကရင်လူမျိုးများအကြောင်း / _cစောအောင်လှ၊ ဘာသာပြန်သူ စောသန်းအောင်။ |
|
| 260 |
_a[ထုတ်ဝေသည့်နေရာမပါ] ၊ _b[ခုနှစ်မပါ]၊ _c၁၉၄၀။ |
||
| 300 |
_a၇၂ စာမျက်နှာ၊ _c၂၁ စင်တီ။ |
||
| 500 | _aS-SAT: Sai Aung Tun. | ||
| 650 |
_aကရင်တိုင်းရင်းသား _xယဉ်ကျေးမှုနှင့် ဓလေ့ထုံးစံ။ _928009 |
||
| 650 |
_aကရင်တိုင်းရင်းသား _zမြန်မာနိုင်ငံ။ _954559 |
||
| 650 |
_aကရင်ပြည်နယ်။ _928010 |
||
| 700 |
_aသန်းအောင်၊ စော _eဘာသာပြန်သူ _954560 |
||
| 942 |
_2ddc _cBK1 |
||
| 999 |
_c27221 _d27221 |
||